Houses in Literature Quiz Stats

Quiz Updated Dec 18, 2015

Challenge
Share
Tweet
Embed
Score 0/16 Timer 04:00
1 Play Today
% Correct
The House at Pooh Corner
89.2%
Slaughterhouse-Five
87.6%
Little House on the Prairie
87.5%
Bleak House
78.2%
The Fall of the House of Usher
76.4%
A Doll's House
71.2%
The Cider House Rules
63.6%
To the Lighthouse
63.6%
% Correct
The House of the Seven Gables
59.8%
Peril at End House
58.2%
The House of the Spirits
47.3%
The House on Mango Street
46.1%
The Beach House
35.2%
A Painted House
30.6%
Black House
29.8%
The Ice House
23.8%

You're not logged in!

Compare scores with friends on all Sporcle quizzes.
Sign Up with Email
OR
Log In

You Might Also Like...

Show Comments

Extras

Top Quizzes Today


Score Distribution

Your Account Isn't Verified!

In order to create a playlist on Sporcle, you need to verify the email address you used during registration. Go to your Sporcle Settings to finish the process.